000 01210nam1a2200301 4500
001 RU\NLR\BIBL_A\011315728
005 20250807190206.0
035 _a(NLR Aleph) 011315728
090 _a1375
_c1375
100 _a20170125d1942 d y0rusy50 ca
101 0 _ainh
102 _aRU
105 _aa z 000 y
200 1 _aГеографи
_fЛ. Г. Терехова, В. Г. Эрдели
205 _aкердача алфавита тIа 3-гIа арахийцар
210 _aШолж-ГIала
_cНохчгIалгIпачхьалкхиздат
_d1942
215 _d22
541 1 _aГеография
_zrus
606 1 _aГеография
_jУчебные издания для начальной школы
_2nlr_sh1
_2nlr_sh2
_3RU\NLR\AUTH\6662461
689 1 _aД82 я71
700 1 _aТерехова
_bЛ. Г.
_gЛидия Григорьевна
_3RU\NLR\AUTH\770278601
_4070
701 1 _aЭрдели
_bВ. Г.
_f1886-1968
_gВладимир Георгиевич
_3RU\NLR\AUTH\770268140
_4070
852 _aNLR
_bОНЛ
_jИнгуш./3-203
942 _cBOOK
945 _aРоссийская национальная библиотека
980 _aNB
980 _aBV